[Event "0pen Est 2012/2013"]
[Site "Aubagne"]
[Date "2012.10.06"]
[Round "1.1"]
[White "Israel, Daniel"]
[Black "Roche, Alain"]
[Result "1-0"]
[WhiteElo "1817"]
[BlackElo "1431"]
[PlyCount "39"]

1. d4 d5 2. Nf3 Nf6 3. g3 g6 4. Bg2 Bg7 5. O-O O-O 6. Nbd2 c6 7. c3 Be6 8. Re1
Qc8 9. e4 Bh3 10. Bh1 Bg4 11. e5 Ne4 12. Nxe4 dxe4 13. Rxe4 f5 14. exf6 Bxf6
15. Qb3+ Kg7 16. Ng5 Bxg5 17. Bxg5 Qf5 18. Rxe7+ Kh8 19. Bf4 Rf6 20. Qxb7 1-0

[Event "0pen Est 2012/2013"]
[Site "Aubagne"]
[Date "2012.10.06"]
[Round "1.2"]
[White "Benner, Jean-Marc"]
[Black "Gomez, Jean-Luc"]
[Result "0-1"]
[WhiteElo "1420"]
[BlackElo "1750"]
[PlyCount "49"]

1. e4 c5 2. Nf3 Nc6 3. d4 cxd4 4. Nxd4 Nf6 5. Nc3 e6 6. Bb5 Qc7 7. O-O a6 8.
Ba4 b5 9. Bb3 Bb7 10. Re1 Bc5 11. Be3 b4 12. Nxe6 dxe6 13. Bxc5 bxc3 14. bxc3
Rd8 15. Qf3 Ne5 16. Qe3 Neg4 17. Ba4+ Bc6 18. Bxc6+ Qxc6 19. Qg5 Qc7 20. g3 h6
21. Qxg7 Rg8 22. Qxg8+ Nxg8 23. Bd4 e5 24. f3 exd4 25. fxg4 0-1

[Event "0pen Est 2012/2013"]
[Site "Aubagne"]
[Date "2012.10.06"]
[Round "1.3"]
[White "Vialette, Eric"]
[Black "Bessard, Serge"]
[Result "1-0"]
[WhiteElo "1719"]
[BlackElo "1420"]
[PlyCount "67"]

1. e4 e5 2. Nc3 Nf6 3. f4 g6 4. fxe5 Nh5 5. Nf3 Bg7 6. d4 d6 7. exd6 Qxd6 8.
Be3 c6 9. Qd2 O-O 10. O-O-O Bg4 11. Be2 Be6 12. Kb1 f5 13. e5 Qd7 14. Bh6 f4
15. Bxg7 Qxg7 16. Ng5 Re8 17. Nxe6 Rxe6 18. Bc4 Qf7 19. Rhf1 g5 20. Ne4 h6 21.
g4 Ng7 22. Qd3 Nd7 23. Nd6 Qe7 24. Nf5 Qf8 25. Nxg7 Qxg7 26. Bxe6+ Kh8 27. Rf3
Re8 28. Bf5 Nb6 29. c4 a5 30. Rh3 a4 31. Rh5 Ra8 32. Qh3 Kg8 33. Rxh6 Qe7 34.
Rh8+ 1-0

[Event "0pen Est 2012/2013"]
[Site "Aubagne"]
[Date "2012.10.06"]
[Round "1.4"]
[White "Mroz, Erwin"]
[Black "Cescon, Moreno"]
[Result "0-1"]
[WhiteElo "1420"]
[BlackElo "1715"]
[PlyCount "90"]

1. Nf3 d6 2. d4 g6 3. Bf4 Bg7 4. e3 Nf6 5. h3 O-O 6. Bd3 c5 7. c3 Nc6 8. O-O
cxd4 9. exd4 Qb6 10. b3 Nh5 11. Bh2 e5 12. dxe5 dxe5 13. Bc2 Be6 14. Qd2 Rfd8
15. Qe3 Qxe3 16. fxe3 f6 17. e4 Bh6 18. Na3 Bf4 19. Nc4 Bxh2+ 20. Kxh2 Nf4 21.
Ne3 Ne2 22. Nd1 g5 23. g3 g4 24. Nh4 Rd2 25. Ne3 Nf4+ 26. Kh1 Nxh3 27. Neg2 Kg7
28. Rad1 Rad8 29. Rc1 Re2 30. Bd1 Rxa2 31. Nf5+ Bxf5 32. exf5 Rdd2 33. Bxg4
Nf2+ 34. Kg1 Nxg4 35. Nh4 Na5 36. Rb1 b6 37. b4 Nc4 38. b5 Nce3 39. Rb4 Nxf1
40. Rxg4+ Kf7 41. Nf3 Rg2+ 42. Kxf1 Raf2+ 43. Ke1 Rxf3 44. Rh4 Rxc3 45. Rxh7+
Kg8 0-1

[Event "0pen Est 2012/2013"]
[Site "Aubagne"]
[Date "2012.10.06"]
[Round "1.5"]
[White "Bertrand, Frederic"]
[Black "Veith, Irene"]
[Result "0-1"]
[WhiteElo "1700"]
[BlackElo "1420"]
[PlyCount "86"]

1. e4 e5 2. Nf3 Nc6 3. Bc4 h6 4. c3 Nf6 5. d3 d5 6. exd5 Nxd5 7. Qe2 Qd6 8. b4
Be6 9. b5 Na5 10. Nxe5 Nxc4 11. dxc4 Nf6 12. O-O Be7 13. a4 O-O 14. Ba3 Qd8 15.
Rd1 Bd6 16. c5 Bb3 17. cxd6 Bxd1 18. Qxd1 Nd7 19. dxc7 Qxc7 20. Bxf8 Nxf8 21.
Nf3 Rd8 22. Nbd2 Qxc3 23. Rc1 Qa5 24. Qb3 Ne6 25. h3 Nf4 26. Re1 Kf8 27. Qa3+
Kg8 28. Qe7 Ng6 29. Qxb7 Qxa4 30. Qc7 Ra8 31. Qc4 Qa5 32. h4 Qb6 33. h5 Nf8 34.
Re7 Ne6 35. Ne5 Qd6 36. Qc6 Rd8 37. Qxd6 Rxd6 38. Ndc4 Rd4 39. Rxf7 Nf4 40.
Rxa7 Nxh5 41. b6 Nf4 42. b7 Ne2+ 43. Kh2 Rh4# 0-1

[Event "0pen Est 2012/2013"]
[Site "Aubagne"]
[Date "2012.10.06"]
[Round "1.6"]
[White "Rieu, Jean"]
[Black "Luc, Rene"]
[Result "0-1"]
[WhiteElo "1410"]
[BlackElo "1656"]
[PlyCount "122"]

1. Nf3 e6 2. e4 d5 3. Bd3 Nf6 4. e5 Nfd7 5. O-O c5 6. Be2 Nc6 7. Bb5 Qc7 8. Re1
a6 9. Bxc6 Qxc6 10. Nc3 Be7 11. Ne2 O-O 12. d3 f6 13. Nf4 fxe5 14. Nxe5 Nxe5
15. Rxe5 Bf6 16. Rh5 e5 17. Nh3 Bxh3 18. Rxh3 Qe8 19. Qf3 e4 20. Qf5 g6 21.
Qxd5+ Qf7 22. Qxf7+ Rxf7 23. dxe4 Bd4 24. Be3 Bxb2 25. Rb1 Bd4 26. Bxd4 cxd4
27. Rf3 Re7 28. Rfb3 b5 29. f3 Rc8 30. R1b2 Rec7 31. Ra3 Rxc2 32. Rxc2 Rxc2 33.
Rxa6 d3 34. Ra8+ Kg7 35. Ra7+ Kf6 36. Ra6+ Ke5 37. Ra5 Rc1+ 38. Kf2 d2 39.
Rxb5+ Ke6 40. Rb6+ Kf7 41. Rb7+ Kg8 42. Rb8+ Kg7 43. Rd8 d1=Q 44. Rxd1 Rxd1 45.
g4 Rd2+ 46. Ke3 Rxa2 47. h4 Ra3+ 48. Kf4 Kf6 49. e5+ Ke6 50. h5 gxh5 51. gxh5
Ra4+ 52. Kg5 Kxe5 53. Kh6 Ra7 54. f4+ Kd6 55. f5 Rf7 56. Kg5 Ke7 57. Kh6 Rxf5
58. Kxh7 Rxh5+ 59. Kg7 Ra5 60. Kh6 Kf7 61. Kh7 Rh5# 0-1

[Event "0pen Est 2012/2013"]
[Site "Aubagne"]
[Date "2012.10.06"]
[Round "1.7"]
[White "Gomez, Guy"]
[Black "Periale, Albert"]
[Result "1-0"]
[WhiteElo "1652"]
[BlackElo "1400"]
[PlyCount "67"]

1. e4 d6 2. d4 Nf6 3. Nc3 g6 4. Bg5 Bg7 5. Bc4 O-O 6. Qd2 c5 7. Nf3 a6 8. Bh6
Nbd7 9. Bxg7 Kxg7 10. e5 dxe5 11. dxe5 Ng4 12. Qg5 Nh6 13. O-O-O f6 14. exf6+
exf6 15. Qd5 Qc7 16. Rhe1 Nb6 17. Qd3 Qf4+ 18. Kb1 Nxc4 19. Re4 Qc7 20. Qxc4
Bf5 21. Nd5 Rad8 22. Rde1 Qd6 23. Re7+ Nf7 24. Nc3 Kh8 25. Rxf7 Rxf7 26. Qxf7
Qf8 27. Qxb7 Bc8 28. Qc7 Rd7 29. Qf4 g5 30. Nxg5 Rd4 31. Nge4 f5 32. Qe5+ Kg8
33. Nf6+ Kf7 34. Nxh7 1-0

[Event "0pen Est 2012/2013"]
[Site "Aubagne"]
[Date "2012.10.06"]
[Round "1.8"]
[White "Strate, Francois"]
[Black "Fournier, Alain"]
[Result "0-1"]
[WhiteElo "1389"]
[BlackElo "1650"]
[PlyCount "100"]

1. d4 f5 2. Bg5 d5 3. Nf3 Nd7 4. e3 Ngf6 5. c4 c6 6. cxd5 cxd5 7. Nc3 e6 8. a3
Be7 9. Bd3 O-O 10. Ne5 Qc7 11. Bf4 Nxe5 12. Bxe5 Qb6 13. Rb1 a6 14. O-O Ng4 15.
Bg3 h5 16. h3 h4 17. hxg4 hxg3 18. gxf5 Bh4 19. Qh5 gxf2+ 20. Rxf2 Bxf2+ 21.
Kxf2 Rf6 22. Qe8+ Rf8 23. Qg6 Bd7 24. Nxd5 Qd8 25. f6 Rxf6+ 26. Nxf6+ Qxf6+ 27.
Qxf6 gxf6 28. Rc1 Bc6 29. Bc4 Kf7 30. Rh1 Rg8 31. Rg1 Ke7 32. g3 Be4 33. g4 Rc8
34. Rc1 b5 35. b3 bxc4 36. Rxc4 Rxc4 37. bxc4 Kd6 38. Ke1 Bf3 39. Kd2 Kc6 40.
Kc3 a5 41. Kd3 Bxg4 42. e4 f5 43. Ke3 Bd1 44. exf5 exf5 45. Kf4 Bc2 46. Ke5 Be4
47. d5+ Kd7 48. d6 Bd3 49. c5 Bc2 50. Kf6 f4 0-1

[Event "0pen Est 2012/2013"]
[Site "Aubagne"]
[Date "2012.10.06"]
[Round "1.9"]
[White "Benezra, Amos"]
[Black "Moerenhout, Jean Claude"]
[Result "1-0"]
[WhiteElo "1647"]
[BlackElo "1380"]
[PlyCount "61"]

1. e4 e5 2. Nf3 Nc6 3. Bc4 Bc5 4. d3 Nf6 5. Nc3 O-O 6. O-O d6 7. Bg5 h6 8. Bxf6
Qxf6 9. Nd5 Qd8 10. a4 a6 11. c3 Bg4 12. h3 Bxf3 13. Qxf3 Ne7 14. Rfd1 Ng6 15.
d4 Ba7 16. Qg3 Rc8 17. Bb3 Nh4 18. dxe5 Qg5 19. Qxg5 hxg5 20. Ne7+ Kh8 21. Nxc8
Rxc8 22. exd6 cxd6 23. Rxd6 Rc6 24. Rxc6 bxc6 25. Bxf7 Kh7 26. Rd1 Ng6 27.
Bxg6+ Kxg6 28. Rd6+ Kh5 29. g4+ Kh4 30. Kg2 Bxf2 31. Rd8 1-0

[Event "0pen Est 2012/2013"]
[Site "Aubagne"]
[Date "2012.10.06"]
[Round "1.10"]
[White "Lang, Michel"]
[Black "Gambino, Max"]
[Result "1/2-1/2"]
[WhiteElo "1370"]
[BlackElo "1620"]
[PlyCount "105"]

1. d4 c6 2. Nf3 Na6 3. a3 d6 4. Nc3 g6 5. e4 Bg4 6. Be3 Bg7 7. Qd2 Bxf3 8. gxf3
Nc7 9. Bd3 Qd7 10. h4 Nf6 11. Bh6 Bxh6 12. Qxh6 O-O-O 13. Qe3 Kb8 14. b4 e5 15.
a4 d5 16. b5 dxe4 17. Nxe4 exd4 18. Qd2 Nxe4 19. fxe4 c5 20. Rb1 b6 21. a5 Qe6
22. axb6 axb6 23. f3 Qe5 24. Kf2 Rde8 25. Rb3 h6 26. c3 Qe6 27. cxd4 Qxb3 28.
dxc5 bxc5 29. Rb1 Qa4 30. b6 Qd4+ 31. Ke2 Ne6 32. Qa5 Re7 33. Qa6 Qd7 34. Bb5
Nd4+ 35. Ke3 Nxb5 36. Rxb5 Qb7 37. Qa2 Rc8 38. Qh2+ Rcc7 39. bxc7+ Rxc7 40.
Rxb7+ Kxb7 41. Qb2+ Kc6 42. Qf6+ Kb5 43. Qd8 Kb6 44. f4 Kb7 45. e5 c4 46. Kd2
c3+ 47. Kc2 Kb6 48. Qf6+ Kb7 49. e6 fxe6 50. Qxe6 Rc6 51. Qb3+ Kc7 52. Qf7+ Kb6
53. Qb3+ 1/2-1/2

[Event "0pen Est 2012/2013"]
[Site "Aubagne"]
[Date "2012.10.06"]
[Round "1.11"]
[White "Leadbetter, Peter"]
[Black "Benezra, Ruthy"]
[Result "1-0"]
[WhiteElo "1610"]
[BlackElo "1357"]
[PlyCount "97"]

1. d4 d5 2. Nf3 c6 3. e3 Nf6 4. c4 e6 5. Nc3 Qa5 6. Bd2 Qc7 7. c5 b6 8. b4 Ba6
9. b5 cxb5 10. Nxb5 Qc6 11. Ne5 Qb7 12. cxb6 Qxb6 13. a4 Bd6 14. Rc1 O-O 15.
Nxd6 Qxd6 16. Bxa6 Qxa6 17. Bb4 Rc8 18. Rxc8+ Qxc8 19. O-O Nc6 20. Nxc6 Qxc6
21. Bc5 Nd7 22. Qc2 Nxc5 23. dxc5 Rb8 24. Rb1 Rxb1+ 25. Qxb1 Qxc5 26. Qb8+ Qf8
27. Qxa7 f6 28. a5 Qc8 29. g3 Qc1+ 30. Kg2 Qc8 31. a6 Qc4 32. Qb7 Qe4+ 33. Kg1
Qa4 34. a7 Qd1+ 35. Kg2 Qa4 36. a8=Q+ Qxa8 37. Qxa8+ Kf7 38. f4 e5 39. Qxd5+
Kg6 40. fxe5 fxe5 41. Qxe5 h5 42. h4 Kh7 43. Kf3 g5 44. hxg5 h4 45. gxh4 Kg6
46. Kg4 Kf7 47. Kf5 Kf8 48. Kg6 Kg8 49. Qe8# 1-0

[Event "0pen Est 2012/2013"]
[Site "Aubagne"]
[Date "2012.10.06"]
[Round "1.12"]
[White "Evanno, Georges"]
[Black "Vicari-Vento, Salvatore"]
[Result "1-0"]
[WhiteElo "1350"]
[BlackElo "1607"]
[PlyCount "96"]

1. e4 c5 2. Nc3 d6 3. Bb5+ Bd7 4. Nge2 a6 5. Bxd7+ Qxd7 6. Nd5 Qc6 7. Nec3 e6
8. Nf4 Nf6 9. d3 Be7 10. O-O O-O 11. Qe2 b5 12. a3 Nbd7 13. Nh3 h6 14. Nf4 e5
15. Nfd5 Nxd5 16. Nxd5 Bd8 17. Qf3 Nf6 18. Ne3 Nh7 19. Nf5 Ra7 20. Qg3 Bg5 21.
Bxg5 Nxg5 22. h4 Ne6 23. Nxh6+ Kh7 24. Nf5 g6 25. Ne3 Nf4 26. Qf3 Qd7 27. Nd5
Nxd5 28. exd5 Qe7 29. g3 f5 30. Kh2 f4 31. h5 fxg3+ 32. Qxg3 gxh5 33. Qh3 Qf7
34. f3 Qf5 35. Qh4 Qf4+ 36. Qxf4 Rxf4 37. Kg2 Rg7+ 38. Kf2 Rgf7 39. Ke3 Rg7 40.
Kf2 Rd4 41. c3 Rxd5 42. Ke3 Rxd3+ 43. Kxd3 Rf7 44. Ke4 Kh6 45. Rg1 h4 46. Rg8
Rf4+ 47. Kd5 Rxf3 48. Rg4 Rf4 1-0

[Event "0pen Est 2012/2013"]
[Site "Aubagne"]
[Date "2012.10.06"]
[Round "1.13"]
[White "Salvi, Michel"]
[Black "Plancq, Jacques"]
[Result "1-0"]
[WhiteElo "1597"]
[BlackElo "1340"]
[PlyCount "37"]

1. e4 d6 2. d4 Nf6 3. Nc3 g6 4. Bc4 c6 5. Bb3 b5 6. Bg5 Bg7 7. f4 b4 8. Bxf6
Bxf6 9. e5 Bg7 10. Ne4 dxe5 11. fxe5 e6 12. Nd6+ Kd7 13. Nf3 Bf8 14. Nxf7 Qe7
15. Nxh8 Qg7 16. O-O Qxh8 17. Ng5 Kc7 18. Bxe6 Bxe6 19. Rxf8 1-0

[Event "0pen Est 2012/2013"]
[Site "Aubagne"]
[Date "2012.10.06"]
[Round "1.14"]
[White "Cotton, Paul"]
[Black "Cavanihac, Claude"]
[Result "0-1"]
[WhiteElo "1320"]
[BlackElo "1590"]
[PlyCount "119"]

1. Nf3 f5 2. c4 Nf6 3. g3 e6 4. Bg2 Be7 5. O-O c6 6. d3 O-O 7. a3 d5 8. Nbd2
Qc7 9. b4 e5 10. Bb2 e4 11. Ne5 Nbd7 12. Nxd7 Qxd7 13. Qc2 Qe6 14. Bh3 e3 15.
Nf3 exf2+ 16. Rxf2 Ng4 17. Bxg4 fxg4 18. Ne5 Rxf2 19. Kxf2 Qf5+ 20. Kg2 dxc4
21. Qxc4+ Be6 22. Qc1 Qh5 23. Qg1 Bf6 24. Nc4 Bxb2 25. Nxb2 Qe5 26. Nc4 Qxe2+
27. Qf2 Bd5+ 28. Kg1 Qxd3 29. Ne3 Rf8 30. Qe1 Bf3 31. Ra2 Re8 32. Kf2 Rf8 33.
Kg1 Qb3 34. Ra1 Rd8 35. Qf2 Qc3 36. Rf1 Qd2 37. Nxg4 Qxf2+ 38. Rxf2 Bxg4 39.
Rf4 Be6 40. Re4 Rd1+ 41. Kf2 Bd5 42. Re8+ Kf7 43. Rd8 Rd2+ 44. Ke3 Rxh2 45.
Rd7+ Kf6 46. Rxb7 c5 47. Rxa7 cxb4 48. axb4 Rb2 49. Kd4 Bg2 50. Kc5 Bf1 51. Ra5
g5 52. b5 Rxb5+ 53. Rxb5 Bxb5 54. Kxb5 Kf5 55. Kc4 Kg4 56. Kd3 Kxg3 57. Ke3 Kg2
58. Ke2 h5 59. Ke3 h4 60. Ke2 0-1

[Event "0pen Est 2012/2013"]
[Site "Aubagne"]
[Date "2012.10.06"]
[Round "1.15"]
[White "Cocordano, Claire"]
[Black "Garbe, Georges"]
[Result "1-0"]
[WhiteElo "1529"]
[BlackElo "1300"]
[PlyCount "93"]

1. e4 b6 2. d4 e6 3. Nf3 d6 4. c4 Bb7 5. Nc3 Nf6 6. Bd3 Be7 7. O-O O-O 8. b3
Nbd7 9. Bb2 e5 10. d5 Nc5 11. b4 Na6 12. a3 c6 13. h3 Nc7 14. dxc6 Bxc6 15. b5
Bb7 16. Nh2 Ne6 17. Nd5 Nxd5 18. cxd5 Nf4 19. Bc1 Qc8 20. Bxf4 exf4 21. Rc1 Qd7
22. a4 Rac8 23. Qd2 Bg5 24. Nf3 Bh6 25. Rxc8 Bxc8 26. Rc1 Bb7 27. Rc3 Rc8 28.
Qc2 Rxc3 29. Qxc3 Qc8 30. Qxc8+ Bxc8 31. e5 dxe5 32. Nxe5 Bb7 33. Be4 Bg5 34.
Nc6 Bxc6 35. dxc6 Bd8 36. Kf1 Bc7 37. Ke2 g5 38. Kf3 h6 39. Kg4 Kg7 40. Kf5 f6
41. Ke6 h5 42. Kd7 Be5 43. c7 Bxc7 44. Kxc7 h4 45. Kb7 Kh6 46. Bf5 Kh5 47. Kxa7
1-0

[Event "0pen Est 2012/2013"]
[Site "Aubagne"]
[Date "2012.10.06"]
[Round "1.16"]
[White "Monteil, Marie-Joseph"]
[Black "Noireaut, Hoan"]
[Result "0-1"]
[WhiteElo "1290"]
[BlackElo "1528"]
[PlyCount "86"]

1. e4 d6 2. d4 Nf6 3. Nc3 g6 4. h3 Bg7 5. Nf3 O-O 6. Bc4 Nxe4 7. O-O Nxc3 8.
bxc3 c5 9. Rb1 Nc6 10. a3 Rb8 11. Bb2 Qc7 12. d5 Ne5 13. Nxe5 Bxe5 14. Re1 Re8
15. Be2 c4 16. Qd2 b5 17. Bc1 Qc5 18. Bf3 a6 19. Qe3 Qxe3 20. Rxe3 Bf5 21. Bd1
e6 22. g4 Bxg4 23. Bxg4 exd5 24. Bf3 d4 25. cxd4 Bxd4 26. Rxe8+ Rxe8 27. Bf4
Bc5 28. Bb7 Re2 29. Bg3 Rxc2 30. Bxa6 Bxa3 31. Bxb5 c3 32. Kg2 d5 33. Bd3 Rd2
34. Rb8+ Kg7 35. Be5+ f6 36. Rb7+ Kf8 37. Rb8+ Ke7 38. Bxf6+ Kxf6 39. Ba6 c2
40. Rb6+ Ke5 41. Rb3 c1=Q 42. Re3+ Kd4 43. Bc8 Qxc8 0-1

[Event "0pen Est 2012/2013"]
[Site "Aubagne"]
[Date "2012.10.06"]
[Round "1.17"]
[White "Maxiola, Antoine"]
[Black "Jacquemard, Jean"]
[Result "1-0"]
[WhiteElo "1520"]
[BlackElo "1270"]
[PlyCount "43"]

1. e4 e5 2. Nf3 d6 3. d4 exd4 4. Nxd4 Nf6 5. Nc3 h6 6. Be2 Bd7 7. O-O a6 8. Re1
Be7 9. Bf3 Nc6 10. Nd5 O-O 11. h3 Rb8 12. Nf5 Nxd5 13. exd5 Ne5 14. Be4 Bf6 15.
Qh5 Bxf5 16. Bxf5 Re8 17. Be4 c6 18. Bf4 Ng6 19. Bxg6 Rxe1+ 20. Rxe1 Qc7 21.
Bd3 c5 22. Qf5 1-0

[Event "0pen Est 2012/2013"]
[Site "Aubagne"]
[Date "2012.10.06"]
[Round "1.18"]
[White "Masson, Wally"]
[Black "Akli, Robert"]
[Result "1-0"]
[WhiteElo "1240"]
[BlackElo "1510"]
[PlyCount "108"]

1. e4 g6 2. Nf3 Bg7 3. d4 c5 4. Bc4 d6 5. O-O Nc6 6. Ng5 e6 7. Qf3 Qe7 8. d5
Nd4 9. Qd1 e5 10. c3 b5 11. Bd3 c4 12. cxd4 cxd3 13. Qxd3 a6 14. dxe5 Bxe5 15.
Nc3 Nf6 16. f4 Bxc3 17. bxc3 O-O 18. Bb2 h6 19. Nf3 Nxe4 20. Rae1 Qa7+ 21. Nd4
Nc5 22. Qg3 Bf5 23. Qh4 Kh7 24. Kh1 Qd7 25. Nc6 Nd3 26. Re7 Qc8 27. Ba3 Nc5 28.
Qf6 Nd7 29. Rxf7+ Rxf7 30. Qxf7+ Kh8 31. Bxd6 Qe8 32. Qxe8+ Rxe8 33. Ne5 Nxe5
34. Bxe5+ Kh7 35. h3 Bd3 36. Re1 Bc4 37. a3 Bxd5 38. Kh2 h5 39. g4 h4 40. Rd1
Rd8 41. Bf6 Rd7 42. Bxh4 Kg7 43. Bf2 Kf7 44. h4 Ke8 45. g5 Bf3 46. Rxd7 Kxd7
47. Kg3 Bh5 48. Bc5 Kc6 49. Bd4 Kd5 50. Kf2 Ke4 51. Kg3 Kd3 52. Kf2 Kc4 53. Ke3
Kb3 54. Ke4 Kxa3 1-0

[Event "0pen Est 2012/2013"]
[Site "Aubagne"]
[Date "2012.10.06"]
[Round "1.19"]
[White "Velut, Pierre-Marie"]
[Black "Lognos, Lina"]
[Result "1-0"]
[WhiteElo "1500"]
[BlackElo "1207"]
[PlyCount "69"]

1. d4 Nf6 2. c4 g6 3. Nc3 Bg7 4. e4 d6 5. f4 O-O 6. Nf3 Nbd7 7. Be2 b6 8. O-O
c5 9. e5 dxe5 10. fxe5 Ne8 11. Bf4 Nc7 12. d5 Nb8 13. Nd2 Bd7 14. Bf3 a5 15. d6
Nc6 16. dxc7 Qxc7 17. Nd5 Qd8 18. Re1 Nd4 19. Be4 Ne6 20. Bg3 Rb8 21. Bh4 f6
22. exf6 exf6 23. Nf3 g5 24. Bg3 Rc8 25. Qc2 h6 26. Bd6 Re8 27. Bg6 Nd4 28.
Rxe8+ Bxe8 29. Nxd4 Bxg6 30. Qxg6 Qxd6 31. Nf5 Kf8 32. Qxg7+ Ke8 33. Re1+ Kd8
34. Nxd6 Rc6 35. Qe7# 1-0

[Event "0pen Est 2012/2013"]
[Site "Aubagne"]
[Date "2012.10.06"]
[Round "1.20"]
[White "Bauden, Thomas"]
[Black "Batalov, Azat"]
[Result "1-0"]
[WhiteElo "1200"]
[BlackElo "1499"]
[PlyCount "62"]

1. f4 f5 2. Nf3 Nf6 3. e3 e6 4. Be2 Be7 5. O-O O-O 6. b3 Nc6 7. Bb2 b6 8. Nc3
Bb7 9. Ne5 d6 10. Nxc6 Bxc6 11. Qe1 a5 12. h3 Rb8 13. Nd1 b5 14. Nf2 Ba8 15. g4
Nd5 16. g5 g6 17. h4 Nb4 18. Bd1 c5 19. a3 Na6 20. Be2 Qb6 21. h5 a4 22. hxg6
hxg6 23. Nd1 Kf7 24. Qh4 axb3 25. cxb3 c4 26. Qh7+ Ke8 27. Qxg6+ Kd7 28. bxc4
bxc4 29. Bxc4 Qc6 30. Qxe6+ Kd8 31. Rf2 Qh1# 1-0

[Event "0pen Est 2012/2013"]
[Site "Aubagne"]
[Date "2012.10.06"]
[Round "1.21"]
[White "Danthier, Christophe"]
[Black "Attali, Josh"]
[Result "1-0"]
[WhiteElo "1499"]
[BlackElo "1199"]
[PlyCount "65"]

1. e3 e5 2. d4 Nc6 3. Bb5 a6 4. Bxc6 bxc6 5. Nf3 d6 6. c3 f6 7. h3 Rb8 8. b3
Ne7 9. dxe5 dxe5 10. Qxd8+ Kxd8 11. O-O f5 12. Nxe5 Be6 13. Rd1+ Nd5 14. Nxc6+
Kc8 15. Nxb8 Kxb8 16. c4 Nb6 17. Rd8+ Nc8 18. Ba3 g6 19. Bxf8 Kb7 20. Re8 Bd7
21. Rd8 Nb6 22. c5 Nc8 23. Rxd7 Rxf8 24. Nc3 Re8 25. Rxh7 Re5 26. b4 Ne7 27.
Rd1 g5 28. Rd7 Re6 29. Rhxe7 Rh6 30. Rxc7+ Kb8 31. b5 axb5 32. Nxb5 Rh4 33.
Re8# 1-0

[Event "0pen Est 2012/2013"]
[Site "Aubagne"]
[Date "2012.10.06"]
[Round "1.22"]
[White "Brozzoni, Alessandro"]
[Black "Gallo, Nicolas"]
[Result "0-1"]
[WhiteElo "1199"]
[BlackElo "1499"]
[PlyCount "78"]

1. d4 d5 2. c4 dxc4 3. Nf3 Nf6 4. Qa4+ Nc6 5. Qxc4 e6 6. g3 Be7 7. Bg2 O-O 8.
O-O Qd5 9. Nbd2 Qxc4 10. Nxc4 Nb4 11. Na3 Rd8 12. Nb5 Rd7 13. Ne5 Rd8 14. Nxc7
Rb8 15. Bf4 Nc2 16. Rac1 Nxd4 17. Rfe1 Bb4 18. Nxf7 Kxf7 19. Nd5 Bxe1 20. Bxb8
Nxe2+ 21. Kf1 Nxc1 22. Kxe1 Nxd5 23. Bxa7 Nd3+ 24. Kd2 Nxb2 25. Bd4 Nf4 26.
gxf4 Rxd4+ 27. Kc3 Rxf4 28. Kxb2 Rxf2+ 29. Kc3 Rxg2 30. a4 Rxh2 31. Kb4 Rd2 32.
a5 e5 33. Kb3 e4 34. Kc3 Rd8 35. Kb2 e3 36. Ka2 e2 37. Kb2 e1=Q 38. Ka2 Qxa5+
39. Kb1 Bf5+ 0-1

[Event "0pen Est 2012/2013"]
[Site "Aubagne"]
[Date "2012.10.06"]
[Round "1.23"]
[White "Gamblin, Vincent"]
[Black "Chouard, Hugo"]
[Result "1-0"]
[WhiteElo "1499"]
[BlackElo "1199"]
[PlyCount "75"]

1. e4 e5 2. Nf3 Nc6 3. Bc4 Nf6 4. d3 Bc5 5. Bg5 h6 6. Bh4 d6 7. c3 Bd7 8. d4
Bb6 9. b4 O-O 10. Bxf6 Qxf6 11. b5 Na5 12. Be2 c6 13. dxe5 dxe5 14. Qxd7 Rad8
15. Qf5 Qxf5 16. exf5 e4 17. Nfd2 e3 18. fxe3 Bxe3 19. bxc6 bxc6 20. Nf1 Bf4
21. a3 Be5 22. Nfd2 c5 23. O-O Bf6 24. Ne4 Be7 25. c4 Rd4 26. Nbd2 Rb8 27. Rab1
Rbd8 28. Rb2 Nxc4 29. Bxc4 g6 30. fxg6 Kf8 31. Rxf7+ Kg8 32. Rxe7+ Kf8 33. Rbb7
R4d7 34. Rexd7 Rxd7 35. Rxd7 h5 36. Rxa7 h4 37. g7+ Ke8 38. g8=R# 1-0

[Event "0pen Est 2012/2013"]
[Site "Aubagne"]
[Date "2012.10.06"]
[Round "1.24"]
[White "Rouault, Alexandre"]
[Black "Graccione, Angele"]
[Result "1-0"]
[WhiteElo "1199"]
[BlackElo "1499"]
[PlyCount "35"]

1. d4 d5 2. c4 dxc4 3. Nf3 b6 4. g3 Bb7 5. Bg2 g6 6. O-O Nf6 7. Nc3 Ba6 8. Ng5
h6 9. Bxa8 hxg5 10. Bxg5 Bg7 11. b4 Nc6 12. Bxc6+ Kf8 13. b5 Rh5 14. bxa6 Rxg5
15. Nb5 Qb8 16. d5 e6 17. d6 cxd6 18. Qxd6+ 1-0

[Event "0pen Est 2012/2013"]
[Site "Aubagne"]
[Date "2012.10.06"]
[Round "1.25"]
[White "Mallet, Philippe"]
[Black "Telouk, Olivier"]
[Result "0-1"]
[WhiteElo "1499"]
[BlackElo "1199"]
[PlyCount "62"]

1. f4 Nf6 2. e3 Nc6 3. Nf3 d5 4. Be2 e6 5. b3 Bc5 6. d3 d4 7. e4 Ng4 8. O-O Ne3
9. Bxe3 dxe3 10. Qc1 Bd4 11. c3 Bb6 12. Na3 e5 13. f5 Nd4 14. cxd4 exd4 15. Qc4
Qe7 16. Nb5 c5 17. Rab1 Bd7 18. a4 O-O-O 19. Ra1 a5 20. g3 g5 21. fxg6 hxg6 22.
Nh4 Be6 23. Qc1 Bxb3 24. Qb1 Be6 25. Bd1 c4 26. dxc4 Bxc4 27. Bb3 e2 28. Re1
d3+ 29. Kg2 Qxe4+ 30. Kh3 Rxh4+ 31. gxh4 Qf3# 0-1

[Event "0pen Est 2012/2013"]
[Site "Aubagne"]
[Date "2012.10.06"]
[Round "1.26"]
[White "Tosato, Tony"]
[Black "Pietrac, Christian"]
[Result "0-1"]
[WhiteElo "1199"]
[BlackElo "1499"]
[PlyCount "78"]

1. d4 Nf6 2. c4 g6 3. Nf3 d6 4. g3 Bg7 5. Bg2 O-O 6. O-O Nbd7 7. Nc3 e5 8. e4
h6 9. Re1 c6 10. Qd3 Re8 11. b3 Nb6 12. c5 dxc5 13. Na4 cxd4 14. Bb2 Nh5 15.
Nd2 f5 16. Nc4 Nxa4 17. bxa4 f4 18. Rad1 fxg3 19. hxg3 Rf8 20. Bc1 Bg4 21. Rd2
Qd7 22. Qb3 Kh7 23. Rd3 Rf7 24. Bf3 Raf8 25. Ba3 Rxf3 26. Bxf8 Rxf8 27. Nd2 Be6
28. Qa3 Rf6 29. Nb3 b6 30. Qb4 Qf7 31. Rf1 Bh3 32. Rfd1 Rxf2 33. R3d2 Rf1+ 34.
Rxf1 Qxf1+ 35. Kh2 Bg4 36. Rg2 Bf3 37. Rg1 Qf2+ 38. Kh3 Qxg1 39. Qd2 Qxg3# 0-1

[Event "0pen Est 2012/2013"]
[Site "Aubagne"]
[Date "2012.10.06"]
[Round "1.27"]
[White "Ganier, Philippe"]
[Black "Escaillon, Gilbert"]
[Result "1-0"]
[WhiteElo "1490"]
[BlackElo "1190"]
[PlyCount "72"]

1. e4 e5 2. Nf3 Nc6 3. d4 exd4 4. Nxd4 Nf6 5. Nc3 Bc5 6. Be3 O-O 7. Nxc6 dxc6
8. Bxc5 Re8 9. Be2 b6 10. Qxd8 Rxd8 11. Be7 Re8 12. Bxf6 gxf6 13. O-O f5 14. f3
f4 15. Bd3 Kh8 16. Ne2 Rg8 17. Nxf4 Be6 18. Nxe6 fxe6 19. e5 Rg7 20. Be4 Rag8
21. Rf2 c5 22. Rd1 c4 23. Rd4 b5 24. Bc6 a6 25. c3 Rg5 26. f4 Rh5 27. Bd7 Rg6
28. Be8 Rxh2 29. Bxg6 Rh6 30. Be4 c5 31. Rd6 a5 32. Rc6 b4 33. cxb4 cxb4 34.
Rxc4 Rh4 35. Rc7 Rg4 36. Rd2 Rg8 1-0

[Event "0pen Est 2012/2013"]
[Site "Aubagne"]
[Date "2012.10.06"]
[Round "1.28"]
[White "Catanese, Sauveur"]
[Black "San-Nicolas, Robert"]
[Result "0-1"]
[WhiteElo "1170"]
[BlackElo "1490"]
[PlyCount "102"]

1. d4 Nf6 2. c4 c5 3. Nf3 cxd4 4. Nxd4 Nc6 5. Nxc6 bxc6 6. b3 e6 7. Nc3 Bb4 8.
Bd2 O-O 9. g3 Bb7 10. Bg2 Qa5 11. Qc2 Rad8 12. a3 Be7 13. b4 Qc7 14. O-O d5 15.
c5 d4 16. Nd1 e5 17. Nb2 Ba6 18. Rfe1 Nd5 19. Nd3 f5 20. Bxd5+ Rxd5 21. a4 Bf6
22. b5 Bb7 23. Nb4 Rd7 24. bxc6 Bxc6 25. Nxc6 Qxc6 26. Qc4+ Kh8 27. Qb5 Rc8 28.
Qxc6 Rxc6 29. Bb4 e4 30. Rac1 g5 31. Rcd1 f4 32. Ba3 Kg7 33. Bb2 Rxc5 34. Ba3
Rc2 35. Rc1 Rdc7 36. a5 Rxc1 37. Bxc1 Kg6 38. Bb2 Rc2 39. Ba3 Kf5 40. Kg2 g4
41. Rb1 Rxe2 42. Rb5+ Kg6 43. Bb2 f3+ 44. Kf1 e3 45. fxe3 Rxe3 46. Rd5 Re2 47.
Bxd4 Bxd4 48. Rxd4 h5 49. Rd6+ Kf5 50. Rd5+ Re5 51. Rxe5+ Kxe5 0-1

[Event "0pen Est 2012/2013"]
[Site "Aubagne"]
[Date "2012.10.06"]
[Round "1.29"]
[White "Gamblin, Thibaut"]
[Black "Pegon, Claude"]
[Result "1/2-1/2"]
[WhiteElo "1481"]
[BlackElo "1170"]
[PlyCount "67"]

1. d4 g6 2. e4 Bg7 3. Nf3 d6 4. c4 Nf6 5. Nc3 O-O 6. Bf4 c5 7. d5 Bd7 8. Be2 a6
9. O-O b5 10. Qc2 b4 11. Nb1 a5 12. Nbd2 Na6 13. Ne1 a4 14. e5 Nh5 15. Bxh5
gxh5 16. exd6 exd6 17. Bxd6 Re8 18. Nef3 a3 19. Rfe1 axb2 20. Rab1 Rxe1+ 21.
Rxe1 b3 22. Nxb3 Nb4 23. Qb1 Rxa2 24. Bxc5 Ra4 25. Bd4 Ra2 26. Bxg7 Kxg7 27.
Nbd4 Qc8 28. Qe4 Qa8 29. Qe5+ Kf8 30. Qe7+ Kg8 31. Qg5+ Kf8 32. Qe7+ Kg8 33.
Qg5+ Kf8 34. Qe7+ 1/2-1/2